Modern methods in forest genetics (Record no. 24560)

MARC details
000 -LEADER
fixed length control field 00425nam a2200157Ia 4500
082 ## - DEWEY DECIMAL CLASSIFICATION NUMBER
Classification number 630:575
Item number MIK
245 #0 - TITLE STATEMENT
Title Modern methods in forest genetics
260 ## - PUBLICATION, DISTRIBUTION, ETC. (IMPRINT)
Place of publication Berlin
Name of publisher Springer Verlag
Year of publication 1976
490 ## - SERIES STATEMENT
Series statement Proceedings in life sciences
650 ## - SUBJECT ADDED ENTRY--TOPICAL TERM
Topical Term Forest genetics
650 ## - SUBJECT ADDED ENTRY--TOPICAL TERM
Topical Term Gel electrophoresis
650 ## - SUBJECT ADDED ENTRY--TOPICAL TERM
Topical Term Tissue culture
700 ## - ADDED ENTRY--PERSONAL NAME
Personal name MIKSCHE, J P
942 ## - ADDED ENTRY ELEMENTS (KOHA)
Koha item type Books
Holdings
Withdrawn status Lost status Damaged status Not for loan Home library Current library Date acquired Full call number Accession Number Koha item type
        RRII Library RRII Library 16/12/2021 630:575 MIK 05241 Books